Destino la metrópoli : Un modelo general de las migraciones en américa latina / (Registro nro. 4294)
[ vista simple ]
| 000 -LEADER | |
|---|---|
| fixed length control field | 00990nam a2200217Ia 4500 |
| 003 - CONTROL NUMBER IDENTIFIER | |
| control field | OSt |
| 005 - DATE AND TIME OF LATEST TRANSACTION | |
| control field | 20200513142718.0 |
| 008 - FIXED-LENGTH DATA ELEMENTS--GENERAL INFORMATION | |
| fixed length control field | 191128s1978 ck gr 000 0 spa d |
| 040 ## - CATALOGING SOURCE | |
| Original cataloging agency | CO-JMCR |
| Transcribing agency | CO-JMCR |
| 041 0# - LANGUAGE CODE | |
| Language code of text/sound track or separate title | spa |
| 082 04 - DEWEY DECIMAL CLASSIFICATION NUMBER | |
| Classification number | 307.24098 / |
| Item number | C268d |
| Edition number | 23 |
| 100 1# - MAIN ENTRY--PERSONAL NAME | |
| Personal name | Cardona Gutiérrez, Ramiro, |
| Relator term | autor |
| 9 (RLIN) | 4285 |
| 245 10 - TITLE STATEMENT | |
| Title | Destino la metrópoli : Un modelo general de las migraciones en américa latina / |
| Statement of responsibility, etc. | Ramiro Cardona Gutierrez, Alan B. Simmons |
| 260 ## - PUBLICATION, DISTRIBUTION, ETC. | |
| Place of publication, distribution, etc. | Bogotá : |
| Name of publisher, distributor, etc. | Corporación Centro Regional de Población, |
| Date of publication, distribution, etc. | 1978 |
| 300 ## - PHYSICAL DESCRIPTION | |
| Extent | xvi, 238 páginas |
| Dimensions | 23 cm. |
| 505 ## - FORMATTED CONTENTS NOTE | |
| Formatted contents note | Hacia un modelo general de la migración interna en América Latina -- El contexto socioeconómico de la migración regional -- El proceso migratorio a la ciudad -- La selectividad de la migración en una perspectiva en el tiempo |
| 650 14 - SUBJECT ADDED ENTRY--TOPICAL TERM | |
| Topical term or geographic name entry element | Migración interna |
| Geographic subdivision | América Latina |
| 9 (RLIN) | 4286 |
| 650 24 - SUBJECT ADDED ENTRY--TOPICAL TERM | |
| Topical term or geographic name entry element | contexto socioeconómico |
| 9 (RLIN) | 4287 |
| 700 1# - ADDED ENTRY--PERSONAL NAME | |
| Personal name | Simmons, Alan B. |
| Relator term | autor |
| 9 (RLIN) | 4288 |
| 942 ## - ADDED ENTRY ELEMENTS (KOHA) | |
| Source of classification or shelving scheme | Dewey Decimal Classification |
| Koha item type | Books |
| Withdrawn status | Lost status | Source of classification or shelving scheme | Materials specified (bound volume or other part) | Damaged status | Not for loan | Home library | Current library | Shelving location | Date acquired | Source of acquisition | Cost, normal purchase price | Total Checkouts | Full call number | Barcode | Date last seen | Copy number | Price effective from | Koha item type |
|---|---|---|---|---|---|---|---|---|---|---|---|---|---|---|---|---|---|---|
| Dewey Decimal Classification | Donación--01/01/2017-- | Biblioteca Pública José María del Castillo y Rada | Biblioteca Pública José María del Castillo y Rada | General Stacks | 11/28/2019 | Donación | 0.00 | 307.24098 / C268d | 201809130 | 05/16/2024 | Ej.1 | 11/28/2019 | Books |